[Event "18. Obert Int. Sant Marti 2016"]
[Site "Barcelona ESP"]
[Date "2016.07.20"]
[Round "8.54"]
[White "Magallanes, Gustavo"]
[Black "Ferre Campos, Josep"]
[Result "1-0"]
[WhiteElo "1989"]
[BlackElo "1970"]
[PlyCount "97"]
[EventDate "2016.07.13"]
[EventType "swiss"]
[EventRounds "9"]
[EventCountry "ESP"]
[SourceTitle "Ajedrez en Madrid"]
[Source "lmi"]
[SourceDate "2016.07.13"]
[SourceVersion "1"]
[SourceVersionDate "2019.06.21"]
[SourceQuality "1"]

1. e4 c5 2. Nf3 d6 3. c3 Nf6 4. Bc4 e6 5. d3 a6 6. a4 b6 7. O-O Nbd7 8. Re1 Qc7
9. Bf4 Ne5 10. Nxe5 dxe5 11. Bg3 Bd6 12. Nd2 Bb7 13. Rc1 g6 14. d4 Nh5 15. d5
exd5 16. exd5 Nxg3 17. hxg3 O-O-O 18. b4 f5 19. Qe2 Kb8 20. Nf3 e4 21. Ng5 Qe7
22. Ne6 Rd7 23. bxc5 Bxc5 24. Nxc5 Qxc5 25. Bxa6 Rxd5 26. Rb1 Qa5 27. Bxb7 Kxb7
28. Rb4 Rc8 29. Qb2 Rdc5 30. Rb1 R8c6 31. c4 Rxc4 32. Rb5 Qa6 33. a5 Rc1+ 34.
Rxc1 Rxc1+ 35. Kh2 Rc6 36. Qg7+ Rc7 37. Qe5 Rc6 38. Qe7+ Rc7 39. Qe8 Rc6 40.
Qd7+ Rc7 41. Qd5+ Kc8 42. Qe6+ Rd7 43. Qc6+ Kd8 44. axb6 Qb7 45. Qf6+ Re7 46.
Qd4+ Ke8 47. Rd5 Kf7 48. Rd6 Qc8 49. Qf6+ 1-0

[Event "18. Obert Int. Sant Marti 2016"]
[Site "Barcelona ESP"]
[Date "2016.07.20"]
[Round "8.55"]
[White "Nadal Fajardo, Ricard"]
[Black "Ginesta Caballero, Olga Lucia"]
[Result "1-0"]
[WhiteElo "1900"]
[BlackElo "2088"]
[PlyCount "67"]
[EventDate "2016.07.13"]
[EventType "swiss"]
[EventRounds "9"]
[EventCountry "ESP"]
[SourceTitle "Ajedrez en Madrid"]
[Source "lmi"]
[SourceDate "2016.07.13"]
[SourceVersion "1"]
[SourceVersionDate "2019.06.21"]
[SourceQuality "1"]

1. e4 c5 2. Nf3 g6 3. d4 cxd4 4. Nxd4 Nc6 5. c4 Nf6 6. Nc3 Nxd4 7. Qxd4 d6 8.
g3 Bg7 9. Bg2 O-O 10. O-O Ng4 11. Qd2 Be6 12. b3 Rc8 13. Bb2 Qa5 14. h3 Ne5 15.
Rfd1 Bxh3 16. Nd5 Qxd2 17. Nxe7+ Kh8 18. Rxd2 Rce8 19. Nd5 Bg4 20. Nc7 Rc8 21.
Nb5 Nf3+ 22. Bxf3 Bxf3 23. Nxd6 Bxb2 24. Rxb2 Rc6 25. Rd2 b6 26. Re1 a6 27. Re3
Bg4 28. f3 Be6 29. Kf2 Kg7 30. f4 Rc5 31. f5 Bc8 32. g4 a5 33. e5 h6 34. Kg3
1-0

[Event "18. Obert Int. Sant Marti 2016"]
[Site "Barcelona ESP"]
[Date "2016.07.20"]
[Round "8.56"]
[White "Pistol, Mats-Erik"]
[Black "Tahay, Romain"]
[Result "0-1"]
[WhiteElo "1810"]
[BlackElo "1942"]
[PlyCount "84"]
[EventDate "2016.07.13"]
[EventType "swiss"]
[EventRounds "9"]
[EventCountry "ESP"]
[SourceTitle "Ajedrez en Madrid"]
[Source "lmi"]
[SourceDate "2016.07.13"]
[SourceVersion "1"]
[SourceVersionDate "2019.06.21"]
[SourceQuality "1"]

1. e4 c5 2. Nf3 Nc6 3. Nc3 d6 4. Bb5 Bd7 5. Bxc6 bxc6 6. d4 cxd4 7. Qxd4 e5 8.
Qd3 Be7 9. O-O h6 10. Be3 Nf6 11. h3 Qc7 12. Rad1 Be6 13. Rfe1 O-O 14. Bc1 Nd7
15. b3 Rad8 16. Qe2 f5 17. exf5 Bxf5 18. Bb2 Nc5 19. Nb1 Ne6 20. c4 Nf4 21. Qe3
Qc8 22. Kh2 Bxh3 23. Nxe5 Bxg2 24. Qg3 Qf5 25. Nf3 Qh5+ 26. Nh4 Qxh4+ 27. Qxh4
Bxh4 28. Rg1 Bxf2 29. Rxg2 Nxg2 30. Kxg2 Bc5 31. Rd2 Rf4 32. Re2 Rdf8 33. Bc3
Rf2+ 34. Rxf2 Rxf2+ 35. Kg3 Rxa2 36. Nd2 Rc2 37. Ne4 d5 38. Nxc5 Rxc3+ 39. Kf4
dxc4 40. b4 Rb3 41. Na6 c3 42. Ke3 c2+ 0-1

[Event "18. Obert Int. Sant Marti 2016"]
[Site "Barcelona ESP"]
[Date "2016.07.20"]
[Round "8.57"]
[White "Sapale, Saloni"]
[Black "Nepveu, Manuel"]
[Result "1-0"]
[WhiteElo "1929"]
[BlackElo "1910"]
[PlyCount "33"]
[EventDate "2016.07.13"]
[EventType "swiss"]
[EventRounds "9"]
[EventCountry "ESP"]
[SourceTitle "Ajedrez en Madrid"]
[Source "lmi"]
[SourceDate "2016.07.13"]
[SourceVersion "1"]
[SourceVersionDate "2019.06.21"]
[SourceQuality "1"]

1. e4 e6 2. d4 d5 3. Nc3 Bb4 4. e5 c5 5. a3 Bxc3+ 6. bxc3 Ne7 7. Qg4 Qc7 8. Bd3
cxd4 9. Ne2 Nbc6 10. cxd4 Bd7 11. O-O g6 12. Bg5 h5 13. Qf4 Rh7 14. Rfb1 O-O-O
15. Nc3 a6 16. Na4 Re8 17. Nc5 1-0

[Event "18. Obert Int. Sant Marti 2016"]
[Site "Barcelona ESP"]
[Date "2016.07.20"]
[Round "8.58"]
[White "Fernandez Aguilar, Francisco"]
[Black "Custodio Criado, Jofre"]
[Result "1-0"]
[WhiteElo "2114"]
[BlackElo "1639"]
[PlyCount "57"]
[EventDate "2016.07.13"]
[EventType "swiss"]
[EventRounds "9"]
[EventCountry "ESP"]
[SourceTitle "Ajedrez en Madrid"]
[Source "lmi"]
[SourceDate "2016.07.13"]
[SourceVersion "1"]
[SourceVersionDate "2019.06.21"]
[SourceQuality "1"]

1. d4 d5 2. Nf3 Nf6 3. c4 e6 4. g3 Be7 5. Bg2 c6 6. Qc2 Nbd7 7. O-O O-O 8. Nbd2
c5 9. b3 b6 10. Bb2 Bb7 11. Rac1 Rc8 12. Qb1 Rc7 13. cxd5 exd5 14. Rfd1 Qb8 15.
Nf1 Rfc8 16. dxc5 Rxc5 17. Nd4 Bf8 18. Bh3 R8c7 19. Ba3 Rxc1 20. Bxc1 Rc8 21.
Bf4 Bd6 22. Bxd6 Qxd6 23. Ne3 g6 24. Nb5 Qb8 25. Bxd7 Nxd7 26. Nxd5 Rc5 27.
Ne7+ Kf8 28. Rxd7 Ke8 29. Rxb7 1-0

[Event "18. Obert Int. Sant Marti 2016"]
[Site "Barcelona ESP"]
[Date "2016.07.20"]
[Round "8.59"]
[White "Molano Lafuente, Ismael"]
[Black "Varela Cuadrado, Cesar"]
[Result "1-0"]
[WhiteElo "1940"]
[BlackElo "1753"]
[PlyCount "73"]
[EventDate "2016.07.13"]
[EventType "swiss"]
[EventRounds "9"]
[EventCountry "ESP"]
[SourceTitle "Ajedrez en Madrid"]
[Source "lmi"]
[SourceDate "2016.07.13"]
[SourceVersion "1"]
[SourceVersionDate "2019.06.21"]
[SourceQuality "1"]

1. c3 Nf6 2. d4 g6 3. Nf3 Bg7 4. Bf4 O-O 5. Qc1 Re8 6. h4 h5 7. Nbd2 d6 8. e4
e5 9. dxe5 dxe5 10. Bg5 Bg4 11. Be2 Nbd7 12. Qc2 a6 13. O-O-O Qc8 14. g3 b5 15.
Rhe1 c5 16. Nf1 Qb7 17. N3d2 Bxe2 18. Rxe2 c4 19. Ne3 Nh7 20. Nd5 Nxg5 21. hxg5
Nc5 22. g4 h4 23. Rh1 Ne6 24. Rxh4 Nxg5 25. f3 Rad8 26. Qd1 Rxd5 27. exd5 Qxd5
28. Qh1 Qd3 29. Reh2 Bf8 30. Rh8+ Kg7 31. Qg1 b4 32. Ne4 bxc3 33. Nxg5 cxb2+
34. Rxb2 Ba3 35. Rxe8 c3 36. Ne6+ Kf6 37. g5+ 1-0

[Event "18. Obert Int. Sant Marti 2016"]
[Site "Barcelona ESP"]
[Date "2016.07.21"]
[Round "9.1"]
[White "Oliva Castaneda, Kevel"]
[Black "Shyam, Sundar M."]
[Result "0-1"]
[WhiteElo "2493"]
[BlackElo "2526"]
[PlyCount "62"]
[EventDate "2016.07.13"]
[EventType "swiss"]
[EventRounds "9"]
[EventCountry "ESP"]
[SourceTitle "Ajedrez en Madrid"]
[Source "lmi"]
[SourceDate "2016.07.13"]
[SourceVersion "1"]
[SourceVersionDate "2019.06.21"]
[SourceQuality "1"]

1. d4 Nf6 2. c4 g6 3. Nc3 Bg7 4. e4 O-O 5. Nf3 d6 6. Be2 e5 7. O-O Na6 8. Be3
Ng4 9. Bg5 Qe8 10. h3 h6 11. Bh4 Nf6 12. dxe5 dxe5 13. Nd5 Nxe4 14. Be7 c6 15.
Bxf8 Qxf8 16. Ne3 f5 17. Nd2 Ng5 18. h4 Ne6 19. h5 gxh5 20. Bxh5 e4 21. g4 Nf4
22. gxf5 Bxf5 23. Bg4 Bg6 24. Qb3 Nc5 25. Qa3 h5 26. Bd1 Be5 27. Ng2 Nxg2 28.
Kxg2 Rd8 29. Nb3 Qf4 30. Rg1 Nd3 31. Qxa7 c5 0-1

[Event "18. Obert Int. Sant Marti 2016"]
[Site "Barcelona ESP"]
[Date "2016.07.21"]
[Round "9.2"]
[White "Bachmann, Axel"]
[Black "Himanshu, Sharma"]
[Result "1-0"]
[WhiteElo "2649"]
[BlackElo "2389"]
[PlyCount "103"]
[EventDate "2016.07.13"]
[EventType "swiss"]
[EventRounds "9"]
[EventCountry "ESP"]
[SourceTitle "Ajedrez en Madrid"]
[Source "lmi"]
[SourceDate "2016.07.13"]
[SourceVersion "1"]
[SourceVersionDate "2019.06.21"]
[SourceQuality "1"]

1. Nf3 d5 2. g3 c6 3. Bg2 Bf5 4. O-O Nf6 5. c4 e6 6. cxd5 exd5 7. d3 Be7 8. Nd4
Bg6 9. Nc3 O-O 10. e4 c5 11. Nde2 dxe4 12. dxe4 Nc6 13. Nf4 Re8 14. Nxg6 hxg6
15. h3 Qa5 16. f4 Rad8 17. Qe2 Nd4 18. Qf2 Rd7 19. e5 Nh7 20. Be3 Nf5 21. Rad1
Red8 22. Rxd7 Rxd7 23. g4 Nxe3 24. Qxe3 c4 25. Kh1 Qc5 26. Qxc5 Bxc5 27. Bd5
Kf8 28. Bxc4 Rd4 29. Bb3 f6 30. e6 f5 31. g5 Ke8 32. Rc1 b6 33. Nd5 Nf8 34. e7
Nd7 35. Bc4 a5 36. Re1 Re4 37. Rxe4 fxe4 38. Bb5 e3 39. Bd3 Bxe7 40. Bxg6+ Kf8
41. Kg2 Bc5 42. Kf3 Bd4 43. b3 Nc5 44. Nxe3 b5 45. Nd5 b4 46. h4 a4 47. bxa4
Nxa4 48. Nxb4 Nc3 49. Bc2 Bc5 50. Nd3 Bd6 51. Bb3 Nb5 52. Ke4 1-0

[Event "18. Obert Int. Sant Marti 2016"]
[Site "Barcelona ESP"]
[Date "2016.07.21"]
[Round "9.3"]
[White "Arizmendi Martinez, Julen Luis"]
[Black "Karthikeyan, Murali"]
[Result "1/2-1/2"]
[WhiteElo "2501"]
[BlackElo "2513"]
[PlyCount "48"]
[EventDate "2016.07.13"]
[EventType "swiss"]
[EventRounds "9"]
[EventCountry "ESP"]
[SourceTitle "Ajedrez en Madrid"]
[Source "lmi"]
[SourceDate "2016.07.13"]
[SourceVersion "1"]
[SourceVersionDate "2019.06.21"]
[SourceQuality "1"]

1. d4 Nf6 2. c4 g6 3. Nc3 Bg7 4. e4 d6 5. Be2 O-O 6. Bg5 c5 7. d5 h6 8. Bf4 e6
9. dxe6 Bxe6 10. Bxd6 Re8 11. e5 Nfd7 12. f4 Nc6 13. Nf3 g5 14. Qb3 gxf4 15.
O-O-O Qa5 16. Qxb7 Ncxe5 17. Nxe5 Nxe5 18. Qb5 Nxc4 19. Bxc4 Bxc3 20. Qxa5 Bxa5
21. Bxe6 Rxe6 22. Bxf4 Re2 23. Bd2 Bc7 24. g3 Rd8 1/2-1/2

[Event "18. Obert Int. Sant Marti 2016"]
[Site "Barcelona ESP"]
[Date "2016.07.21"]
[Round "9.4"]
[White "Anurag, Mhamal"]
[Black "Ortiz Suarez, Isan Reynaldo"]
[Result "1/2-1/2"]
[WhiteElo "2392"]
[BlackElo "2580"]
[PlyCount "155"]
[EventDate "2016.07.13"]
[EventType "swiss"]
[EventRounds "9"]
[EventCountry "ESP"]
[SourceTitle "Ajedrez en Madrid"]
[Source "lmi"]
[SourceDate "2016.07.13"]
[SourceVersion "1"]
[SourceVersionDate "2019.06.21"]
[SourceQuality "1"]

1. Nf3 c5 2. c4 Nc6 3. g3 g6 4. Bg2 Bg7 5. Nc3 d6 6. O-O e5 7. a3 a5 8. Ne1 Be6
9. d3 Nge7 10. Nc2 d5 11. cxd5 Nxd5 12. Ne3 Nb6 13. Na4 Nxa4 14. Bxc6+ bxc6 15.
Qxa4 O-O 16. Qxc6 Qd4 17. Nc2 Qg4 18. f3 Qh3 19. Ne3 Rfc8 20. Qa4 h5 21. Bd2 e4
22. Bc3 exd3 23. exd3 Bh6 24. Rae1 Rd8 25. Qe4 Bb3 26. Qe5 Kh7 27. Nc4 Rxd3 28.
Nd6 Qe6 29. Qxe6 Bxe6 30. Ne4 Be3+ 31. Kg2 Kg8 32. Rd1 Rad8 33. Rxd3 Rxd3 34.
Bxa5 f5 35. Nf2 Rb3 36. Bc3 Bd5 37. Nd3 g5 38. Rd1 g4 39. Ne5 Bd4 40. Bxd4 cxd4
41. Rxd4 Rxb2+ 42. Kg1 Bb7 43. Rd8+ Kg7 44. Rb8 Rb5 45. fxg4 hxg4 46. Nc4 Kg6
47. Nd6 Rb1+ 48. Kf2 Rb2+ 49. Ke3 Rxh2 50. Rxb7 Rg2 51. Nxf5 Kxf5 52. Rb5+ Kg6
53. Kf4 Rc2 54. Rb6+ Kh5 55. Rb5+ Kg6 56. Rb4 Kh5 57. Rb5+ Kg6 58. Rg5+ Kh6 59.
Ra5 Rc4+ 60. Kf5 Kh5 61. a4 Rd4 62. Ra8 Rd5+ 63. Ke4 Rd1 64. a5 Re1+ 65. Kf4
Rf1+ 66. Ke5 Re1+ 67. Kf6 Rf1+ 68. Kg7 Rf3 69. a6 Rxg3 70. a7 Kg5 71. Rg8 Ra3
72. Kh7+ Kf4 73. a8=Q Rxa8 74. Rxa8 g3 75. Kg6 g2 76. Ra1 Kg3 77. Rg1 Kh2 78.
Rxg2+ 1/2-1/2

[Event "18. Obert Int. Sant Marti 2016"]
[Site "Barcelona ESP"]
[Date "2016.07.21"]
[Round "9.5"]
[White "Vassallo Barroche, Mauricio"]
[Black "Libiszewski, Fabien"]
[Result "0-1"]
[WhiteElo "2389"]
[BlackElo "2542"]
[PlyCount "112"]
[EventDate "2016.07.13"]
[EventType "swiss"]
[EventRounds "9"]
[EventCountry "ESP"]
[SourceTitle "Ajedrez en Madrid"]
[Source "lmi"]
[SourceDate "2016.07.13"]
[SourceVersion "1"]
[SourceVersionDate "2019.06.21"]
[SourceQuality "1"]

1. Nf3 Nf6 2. c4 b6 3. g3 Bb7 4. Bg2 g6 5. b3 Bg7 6. Bb2 O-O 7. O-O c5 8. Nc3
d5 9. Nxd5 Nxd5 10. Bxg7 Kxg7 11. cxd5 Qxd5 12. d4 Na6 13. e4 Qd6 14. e5 Qc7
15. Rc1 Rad8 16. Qe2 Qb8 17. Rfd1 Qa8 18. dxc5 Nxc5 19. Qe3 Rxd1+ 20. Rxd1 Rd8
21. Rxd8 Qxd8 22. Nd4 Bxg2 23. Kxg2 Qd5+ 24. Kg1 h6 25. h4 e6 26. Kh2 a5 27. g4
a4 28. f4 Ne4 29. h5 axb3 30. axb3 gxh5 31. gxh5 f5 32. Qg1+ Kf8 33. Kh3 Nc5
34. b4 Nd3 35. Qe3 Nxb4 36. Kg3 Ke7 37. Qc3 Na6 38. Qa3+ Nc5 39. Qa7+ Nd7 40.
Qa3+ Kf7 41. Qa4 Nc5 42. Qa7+ Qd7 43. Qa1 Qb7 44. Nb5 Ne4+ 45. Kh3 Qd7 46. Nd4
Nf2+ 47. Kg3 Nd3 48. Nf3 b5 49. Qa8 b4 50. Qh8 b3 51. Qxh6 b2 52. Qh7+ Ke8 53.
Qg8+ Ke7 54. Qg5+ Kf8 55. Qf6+ Kg8 56. Ng5 Nxe5 0-1

[Event "18. Obert Int. Sant Marti 2016"]
[Site "Barcelona ESP"]
[Date "2016.07.21"]
[Round "9.6"]
[White "Qiu, Mengjie"]
[Black "Gomez Garrido, Camilo Ernesto"]
[Result "0-1"]
[WhiteElo "2231"]
[BlackElo "2541"]
[PlyCount "64"]
[EventDate "2016.07.13"]
[EventType "swiss"]
[EventRounds "9"]
[EventCountry "ESP"]
[SourceTitle "Ajedrez en Madrid"]
[Source "lmi"]
[SourceDate "2016.07.13"]
[SourceVersion "1"]
[SourceVersionDate "2019.06.21"]
[SourceQuality "1"]

1. e4 c5 2. Nf3 d6 3. Bb5+ Nd7 4. O-O a6 5. Bd3 Ngf6 6. c3 b5 7. Bc2 Bb7 8. Re1
Qc7 9. a4 b4 10. a5 e6 11. d3 bxc3 12. bxc3 Be7 13. Nbd2 O-O 14. Nc4 d5 15.
Ncd2 Bd6 16. Bb2 Rab8 17. Qe2 Ng4 18. h3 Nge5 19. Nxe5 Nxe5 20. Ba3 Ng6 21. Nb3
Rfc8 22. Rab1 Be7 23. d4 cxd4 24. Bxe7 Nxe7 25. exd5 Nxd5 26. Nxd4 Nxc3 27. Qd3
g6 28. Rb2 Be4 29. Rxe4 Rxb2 30. Rh4 Nd5 31. Bb3 Qe5 32. Bc2 Rcxc2 0-1

[Event "18. Obert Int. Sant Marti 2016"]
[Site "Barcelona ESP"]
[Date "2016.07.21"]
[Round "9.7"]
[White "Munoz, Miguel"]
[Black "Yogit, S."]
[Result "1/2-1/2"]
[WhiteElo "2477"]
[BlackElo "2197"]
[PlyCount "142"]
[EventDate "2016.07.13"]
[EventType "swiss"]
[EventRounds "9"]
[EventCountry "ESP"]
[SourceTitle "Ajedrez en Madrid"]
[Source "lmi"]
[SourceDate "2016.07.13"]
[SourceVersion "1"]
[SourceVersionDate "2019.06.21"]
[SourceQuality "1"]

1. e4 e5 2. Nc3 Nf6 3. g3 d5 4. exd5 Nxd5 5. Bg2 Nxc3 6. bxc3 Nc6 7. Rb1 Bc5 8.
Ne2 Be6 9. O-O Bd5 10. d4 Bxg2 11. Kxg2 Qd5+ 12. f3 O-O-O 13. Rb5 b6 14. Qd3
exd4 15. Nf4 Ne5 16. Qe2 Qc4 17. cxd4 Rxd4 18. Re1 Qxe2+ 19. Rxe2 Nc4 20. Nd3
c6 21. Rb1 Bd6 22. Bf4 Bxf4 23. gxf4 f6 24. Kf2 Rd7 25. Rb4 Nd6 26. a4 Re8 27.
a5 Rxe2+ 28. Kxe2 bxa5 29. Ra4 Nb7 30. Ke3 Rd5 31. Ra2 Nd6 32. Ra4 Rh5 33. Kd4
Nb7 34. Ra1 Rxh2 35. c4 Re2 36. f5 Re7 37. c5 Kd8 38. Rh1 h6 39. Nf4 Ke8 40.
Rg1 Nd8 41. Nd3 Kf7 42. Ra1 Nb7 43. Rb1 g6 44. Rh1 Kg7 45. fxg6 Kxg6 46. Rg1+
Kh7 47. Nf2 Rd7+ 48. Kc4 f5 49. Re1 Nd8 50. Ra1 Kg6 51. Nd3 Kf6 52. Rxa5 Ne6
53. Ra1 h5 54. Rh1 Rh7 55. Nb4 h4 56. Nxc6 h3 57. Nb4 Ke5 58. Nd3+ Kf6 59. c6
Rh4+ 60. Kb5 Ke7 61. Ra1 Kd6 62. Rxa7 Nc7+ 63. Kb6 h2 64. Rxc7 h1=Q 65. Rd7+
Ke6 66. Nc5+ Kf6 67. c7 Rh8 68. Rd8 Ke7 69. Rd7+ Kf6 70. Rd8 Ke7 71. Rd7+ Kf6
1/2-1/2

[Event "18. Obert Int. Sant Marti 2016"]
[Site "Barcelona ESP"]
[Date "2016.07.21"]
[Round "9.8"]
[White "Cuartas, Jaime Alexander"]
[Black "Herrera Reyes, Jose Antonio"]
[Result "1/2-1/2"]
[WhiteElo "2455"]
[BlackElo "2253"]
[PlyCount "117"]
[EventDate "2016.07.13"]
[EventType "swiss"]
[EventRounds "9"]
[EventCountry "ESP"]
[SourceTitle "Ajedrez en Madrid"]
[Source "lmi"]
[SourceDate "2016.07.13"]
[SourceVersion "1"]
[SourceVersionDate "2019.06.21"]
[SourceQuality "1"]

1. e4 c5 2. c3 d6 3. d4 Nd7 4. Nf3 Qc7 5. Bd3 Ngf6 6. O-O e5 7. dxe5 dxe5 8.
Nbd2 Be7 9. a4 O-O 10. Re1 Rd8 11. Bc4 Nb6 12. Ba2 a5 13. Qe2 Bg4 14. Nc4 Nxa4
15. Ncxe5 Qxe5 16. Nxe5 Bxe2 17. Bxf7+ Kf8 18. Bb3 Nxc3 19. bxc3 Bb5 20. c4 Be8
21. Bc2 Nd7 22. Nxd7+ Bxd7 23. Bd3 Be6 24. Bf1 a4 25. Ba3 Rd4 26. Rab1 Bxc4 27.
Rxb7 Bxf1 28. Rxe7 Kxe7 29. Bxc5+ Kf7 30. Bxd4 Bd3 31. Re3 Rb8 32. h4 Rb3 33.
Rf3+ Ke6 34. Bxg7 a3 35. Kh2 a2 36. h5 Kd6 37. Bd4 Kc6 38. Rf6+ Kd7 39. f3 Rb4
40. Be5 Bc4 41. Rh6 Bg8 42. Ra6 Rb5 43. Ra7+ Kc6 44. f4 Rxe5 45. fxe5 Kb5 46.
g4 Bb3 47. e6 Bxe6 48. g5 Bb3 49. Ra3 Kb4 50. Rxa2 Bxa2 51. Kg3 Kc5 52. Kf4 Kd6
53. Kf5 Ke7 54. g6 h6 55. g7 Kf7 56. g8=Q+ Kxg8 57. Kg6 Bb1 58. Kxh6 Bxe4 59.
Kg5 1/2-1/2

[Event "18. Obert Int. Sant Marti 2016"]
[Site "Barcelona ESP"]
[Date "2016.07.21"]
[Round "9.9"]
[White "Chernyak, Viktoria"]
[Black "Debashis, Das"]
[Result "0-1"]
[WhiteElo "2186"]
[BlackElo "2451"]
[PlyCount "122"]
[EventDate "2016.07.13"]
[EventType "swiss"]
[EventRounds "9"]
[EventCountry "ESP"]
[SourceTitle "Ajedrez en Madrid"]
[Source "lmi"]
[SourceDate "2016.07.13"]
[SourceVersion "1"]
[SourceVersionDate "2019.06.21"]
[SourceQuality "1"]

1. Nf3 d5 2. g3 Nf6 3. Bg2 c6 4. O-O Bg4 5. c4 e6 6. cxd5 exd5 7. d3 Be7 8. Nc3
O-O 9. h3 Bh5 10. Bf4 Na6 11. Nd4 Re8 12. Qd2 Bg6 13. Rac1 Rc8 14. Rfd1 Bc5 15.
Nb3 Bb4 16. a3 Bf8 17. e4 dxe4 18. dxe4 Qxd2 19. Rxd2 Nc5 20. Nxc5 Bxc5 21. Re1
Rcd8 22. Red1 Rxd2 23. Rxd2 h6 24. b4 Bb6 25. Kf1 Nxe4 26. Nxe4 Bxe4 27. Bxe4
Rxe4 28. Rd7 c5 29. bxc5 Bxc5 30. Rxb7 Ra4 31. Be3 Bxe3 32. fxe3 Rxa3 33. Kf2
h5 34. Kf3 a5 35. Rc7 g6 36. Rb7 Rc3 37. Ra7 Rc5 38. h4 Kg7 39. e4 Kf6 40. Kf4
Kg7 41. Kf3 Rc3+ 42. Kf4 Ra3 43. Ra6 Ra4 44. Ke5 Ra1 45. Kf4 a4 46. Ke5 a3 47.
Ra7 a2 48. Ra4 Rg1 49. Rxa2 Rxg3 50. Rh2 Rg4 51. Rh1 Kf8 52. Rh2 Ke7 53. Rh1
Rg2 54. Rh3 f6+ 55. Kf4 Rg4+ 56. Kf3 Ke6 57. Rh1 Ke5 58. Ra1 Rf4+ 59. Kg3 Rxe4
60. Ra5+ Ke6 61. Ra6+ Kf5 0-1

[Event "18. Obert Int. Sant Marti 2016"]
[Site "Barcelona ESP"]
[Date "2016.07.21"]
[Round "9.10"]
[White "Valdes Romero, Leonardo"]
[Black "Asis Gargatagli, Hipolito"]
[Result "1/2-1/2"]
[WhiteElo "2411"]
[BlackElo "2504"]
[PlyCount "58"]
[EventDate "2016.07.13"]
[EventType "swiss"]
[EventRounds "9"]
[EventCountry "ESP"]
[SourceTitle "Ajedrez en Madrid"]
[Source "lmi"]
[SourceDate "2016.07.13"]
[SourceVersion "1"]
[SourceVersionDate "2019.06.21"]
[SourceQuality "1"]

1. Nf3 c5 2. c4 Nc6 3. Nc3 g6 4. g3 Bg7 5. Bg2 e6 6. d3 Nge7 7. Bg5 h6 8. Bd2
d5 9. a3 b6 10. Rb1 Bb7 11. O-O Rc8 12. b4 dxc4 13. dxc4 O-O 14. Qc1 cxb4 15.
axb4 Nd4 16. Bxh6 Bxh6 17. Qxh6 Nef5 18. Qf4 Rxc4 19. Nxd4 Bxg2 20. Kxg2 Qxd4
21. Qxd4 Nxd4 22. Rfd1 Nc6 23. Na2 Rc2 24. Rbc1 Rxa2 25. Rxc6 Rxe2 26. Rd7 Ra2
27. Rdc7 a5 28. bxa5 bxa5 29. Ra7 Kg7 1/2-1/2

[Event "18. Obert Int. Sant Marti 2016"]
[Site "Barcelona ESP"]
[Date "2016.07.21"]
[Round "9.11"]
[White "Rathanvel, V S."]
[Black "Peralta, Fernando"]
[Result "1/2-1/2"]
[WhiteElo "2374"]
[BlackElo "2588"]
[PlyCount "104"]
[EventDate "2016.07.13"]
[EventType "swiss"]
[EventRounds "9"]
[EventCountry "ESP"]
[SourceTitle "Ajedrez en Madrid"]
[Source "lmi"]
[SourceDate "2016.07.13"]
[SourceVersion "1"]
[SourceVersionDate "2019.06.21"]
[SourceQuality "1"]

1. e4 c6 2. d4 d5 3. e5 Bf5 4. Nf3 e6 5. Be2 Ne7 6. O-O h6 7. Nbd2 Nd7 8. Nb3
g5 9. Ne1 Qc7 10. Nd3 b6 11. Be3 Bg7 12. Rc1 c5 13. dxc5 O-O 14. h4 Nxe5 15.
hxg5 hxg5 16. Bxg5 Nc4 17. c3 Ng6 18. Nd4 Bxd3 19. Qxd3 Nf4 20. Bxf4 Qxf4 21.
b3 Ne5 22. Qb5 bxc5 23. Qxc5 Rfc8 24. Qa3 a5 25. g3 Qh6 26. Kg2 Qg6 27. Qb2
Qe4+ 28. Kg1 a4 29. Qc2 Qxc2 30. Rxc2 axb3 31. axb3 Nd7 32. Nb5 Rab8 33. Rfc1
Nc5 34. b4 Ne4 35. Bd3 f5 36. Kg2 Rb6 37. c4 dxc4 38. Rxc4 Rcb8 39. Rc8+ Bf8
40. Nd4 Nd6 41. Rxb8 Rxb8 42. b5 Kf7 43. Rc7+ Kf6 44. f4 Ra8 45. Nc6 Ra2+ 46.
Kf3 Rb2 47. Ne5 Be7 48. b6 Bd8 49. Rc6 Be7 50. Rc7 Bd8 51. Rc6 Be7 52. Rc7 Bd8
1/2-1/2

[Event "18. Obert Int. Sant Marti 2016"]
[Site "Barcelona ESP"]
[Date "2016.07.21"]
[Round "9.12"]
[White "Prince, Bajaj"]
[Black "Narciso Dublan, Marc"]
[Result "0-1"]
[WhiteElo "2279"]
[BlackElo "2504"]
[PlyCount "148"]
[EventDate "2016.07.13"]
[EventType "swiss"]
[EventRounds "9"]
[EventCountry "ESP"]
[SourceTitle "Ajedrez en Madrid"]
[Source "lmi"]
[SourceDate "2016.07.13"]
[SourceVersion "1"]
[SourceVersionDate "2019.06.21"]
[SourceQuality "1"]

1. e4 e6 2. d4 d5 3. Nc3 Bb4 4. exd5 exd5 5. Bd3 Nf6 6. Nge2 O-O 7. O-O c6 8.
h3 Re8 9. Ng3 Nbd7 10. Bg5 h6 11. Bf4 Nb6 12. Qf3 Nc4 13. Bxc4 dxc4 14. Be5 Nd7
15. Bf4 Nb6 16. Nh5 Bxc3 17. bxc3 Qd5 18. Qxd5 Nxd5 19. Bd2 Bf5 20. Rac1 b5 21.
f3 b4 22. cxb4 c3 23. Be1 a5 24. Ng3 Bh7 25. bxa5 Rxa5 26. f4 Rxa2 27. f5 g6
28. Rf3 gxf5 29. Nxf5 Bxf5 30. Rxf5 Re2 31. Rf2 Re3 32. Kf1 Ra4 33. Rd1 Re4 34.
Re2 Rexd4 35. Rxd4 Rxd4 36. Re8+ Kh7 37. Ke2 h5 38. Kf3 f6 39. Re4 Rxe4 40.
Kxe4 Kg6 41. g3 Nb4 42. Bxc3 Nxc2 43. Kd3 Na3 44. Bb4 Nb5 45. Ke4 Nc7 46. Bd2
Ne6 47. h4 Nc5+ 48. Kf4 Nd3+ 49. Ke4 Ne5 50. Be3 Ng4 51. Bd2 Nf2+ 52. Ke3 Nd1+
53. Kf4 Nf2 54. Ke3 Ng4+ 55. Ke4 Kf7 56. Kf5 c5 57. Bc3 Nh6+ 58. Ke4 Ke6 59.
Bb2 Ng4 60. Bc3 Ne5 61. Bd2 Ng6 62. Bc3 f5+ 63. Ke3 Kd5 64. Bf6 c4 65. Bb2 f4+
66. gxf4 Nxh4 67. f5 Nxf5+ 68. Kf4 h4 69. Kg4 Ke4 70. Bf6 Kd3 71. Be5 c3 72.
Kxf5 c2 73. Bf4 h3 74. Kg4 h2 0-1

[Event "18. Obert Int. Sant Marti 2016"]
[Site "Barcelona ESP"]
[Date "2016.07.21"]
[Round "9.13"]
[White "Henriquez Villagra, Cristobal"]
[Black "Lan, Zilun"]
[Result "1-0"]
[WhiteElo "2491"]
[BlackElo "2250"]
[PlyCount "101"]
[EventDate "2016.07.13"]
[EventType "swiss"]
[EventRounds "9"]
[EventCountry "ESP"]
[SourceTitle "Ajedrez en Madrid"]
[Source "lmi"]
[SourceDate "2016.07.13"]
[SourceVersion "1"]
[SourceVersionDate "2019.06.21"]
[SourceQuality "1"]

1. e4 c6 2. d4 d5 3. e5 Bf5 4. h4 h6 5. g4 Bd7 6. Nc3 e6 7. Be3 Ne7 8. h5 Qc7
9. f4 Nc8 10. Nf3 c5 11. Ne2 Nb6 12. b3 cxd4 13. Nexd4 Bb4+ 14. Kf2 a6 15. c3
Be7 16. Qd2 Nc6 17. a4 Nxd4 18. Qxd4 Nc8 19. b4 Bd8 20. Bd3 Qb8 21. b5 Bb6 22.
Qb4 a5 23. Qa3 Bxe3+ 24. Kxe3 Nb6 25. g5 Qc7 26. g6 Rf8 27. Rac1 O-O-O 28. c4
Nxc4+ 29. Bxc4 Qb6+ 30. Nd4 dxc4 31. Rxc4+ Kb8 32. Qc5 Qxc5 33. Rxc5 fxg6 34.
hxg6 Rc8 35. Rhc1 Rxc5 36. Rxc5 Rc8 37. Rxc8+ Kxc8 38. Nb3 Be8 39. Nc5 Bxg6 40.
Nxe6 Bc2 41. Nxg7 Bxa4 42. f5 Kd7 43. e6+ Kd6 44. f6 Bb3 45. e7 Bf7 46. e8=Q
Bxe8 47. Nxe8+ Ke6 48. b6 h5 49. f7 Kxf7 50. Nd6+ Ke7 51. Nxb7 1-0